000 00927cam a2200205 4500
001 ##L132261
008 060123n2004 000 0 eng u
020 _a1904772099
035 _a(Sirsi) u132261
050 0 4 _a333.33 $2 18
100 1 _aEly, Alex
245 0 4 _aThe home buyer's guide
_bwhat to look and ask for when buying a new home
260 _aLondon
_bBlack Dog Publishing
_aLondon
_bCABE
_c2004
300 _a110p
_bill
_c22cm.
350 _a7.99
520 _aIncludes expert advice on architecture, neighbourhoods and interior design. Gives insights into the best use of space and effective home planning. Details questions to be asked and things to look out for. Provides case studies that demonstrate the benefits of good design and a glossary of estate agency jargon.
651 4 _aUnited Kingdom
_y
690 _aPROPERTY-RESIDENTIAL PROPERTY-ACQUISITION AND DISPOSAL OF RESIDENTIAL PROPERTY
942 _n0
999 _c105072
_d105072